Advertising: (Record no. 8838)

MARC details
000 -LEADER
fixed length control field 00762 a2200241 4500
010 ## - LIBRARY OF CONGRESS CONTROL NUMBER
LC control number ENG-88614
020 ## - INTERNATIONAL STANDARD BOOK NUMBER
International Standard Book Number 9788120333048
Terms of availability 425.00
035 ## - SYSTEM CONTROL NUMBER
System control number EN-72147
037 ## - SOURCE OF ACQUISITION
Source of stock number/acquisition DBAD / PUB
082 00 - DEWEY DECIMAL CLASSIFICATION NUMBER
Classification number 659.1
090 ## - LOCALLY ASSIGNED LC-TYPE CALL NUMBER (OCLC); LOCAL CALL NUMBER (OCLC)
-- 9000
-- 9000
100 1# - MAIN ENTRY--PERSONAL NAME
Personal name Wells, William
245 10 - TITLE STATEMENT
Title Advertising:
Remainder of title principles & practice /
Statement of responsibility, etc by William Wells, Sandra Moriarty [and] John Burnett
250 ## - EDITION STATEMENT
Edition statement 7th ed
260 ## - PUBLICATION, DISTRIBUTION, ETC. (IMPRINT)
Place of publication, distribution, etc New Delhi
Name of publisher, distributor, etc Prentice-Hall of India
Date of publication, distribution, etc 2007
300 ## - PHYSICAL DESCRIPTION
Extent xxx, 592 p. :
Other physical details ill.
Dimensions 27 cm (Pbk)
500 ## - GENERAL NOTE
General note Includes index.
700 1# - ADDED ENTRY--PERSONAL NAME
Personal name Moriarty, Sandra
700 1# - ADDED ENTRY--PERSONAL NAME
Personal name Moriarty, Sandra
700 1# - ADDED ENTRY--PERSONAL NAME
Personal name Burnett, John
942 ## - ADDED ENTRY ELEMENTS (KOHA)
Institution code [OBSOLETE] dpl
Koha item type English Books
Call number prefix 659.1 / WEL
Holdings
Withdrawn status Lost status Source of classification or shelving scheme Damaged status Not for loan Collection code Home library Current library Source of acquisition Cost, normal purchase price Total Checkouts Full call number Barcode Date last seen Copy number Uniform Resource Identifier Cost, replacement price Price effective from Koha item type
    Dewey Decimal Classification   Not For Loan Non-fiction D.B.Act.Division D.B.Act.Division DBAD/PUB 425.00   659.1 WEL EN-72147 15/09/2008 1 9785 425.00 15/09/2008 English Books

© Delhi Public Library
Hit Counter
free hit counter